00326nam a2200121Ia 4500008004100000041000800041082001400049100002500063245005000088260003000138300001900168999001700187241015s9999 xx 000 0 und d aeng a338.9 LOC aChristopher Lockhart aEconomic Development, Growth And Institutions bWillford PressaUSAc2023 a232;. P. 25 cm c41570d41570